Principales virus de las plantas hortícolas.

Guardat en:
Dades bibliogràfiques
Autor principal: Conti, Maurizio (autor, coordinador científico)
Altres autors: Gallitelli, Donato (autor), Lisa, Vittoria (autor), Lovisolo, Osvaldo (autor), Martelli, Antonio (autor, coordinación científica), Ragozzino, Antonio (autor), Rana, Gian Luigi (autor), Vovlas, Crisostomo (autor)
Format: Desconegut
Idioma:anglès
Publicat: Madrid, España: Bayer, Mundi-Prensa, 2000.
Matèries:
Etiquetes: Afegir etiqueta
Sense etiquetes, Sigues el primer a etiquetar aquest registre!

MARC

LEADER 00000 a2200000 4500
003 CL-VaPUC
005 20241015121424.0
008 220506b ||||| |||| 00| 0 eng d
999 |c 434679  |d 434677 
020 |a 9788471149589 
040 |c Pontificia Universidad Católica de Valparaíso 
082 7 |a 632.8 CON 2000  |2 22 
100 |a Conti, Maurizio   |9 866855  |e autor   |e coordinador científico 
245 |a Principales virus de las plantas hortícolas. 
260 |a Madrid, España:   |b Bayer,   |b Mundi-Prensa,   |c 2000. 
300 |a 206 páginas,   |b ilustraciones. 
583 |k Sebastián Perez  |c 20220506 
650 0 |a Enfermedades de las hortalizas   |9 662670 
650 0 |a Virología vegetal  |9 892312 
650 0 |a Fitopatología   |9 340456 
700 |a Gallitelli, Donato  |e autor   |9 868983 
700 |a Lisa, Vittoria  |e autor  |9 868984 
700 |a Lovisolo, Osvaldo  |e autor  |9 868985 
700 |a Martelli, Antonio  |e autor  |e coordinación científica  |9 868986 
700 |a Ragozzino, Antonio  |e autor  |9 868987 
700 |a Rana, Gian Luigi  |e autor  |9 868988 
700 |a Vovlas, Crisostomo  |e autor  |9 868989 
942 |2 ddc  |c BK 
952 |0 0  |1 0  |2 ddc  |4 0  |6 632_800000000000000_CON_2000  |7 0  |8 A  |9 582951  |a BIBAGR  |b BIBAGR  |c GEN  |d 2022-05-05  |e 74  |g 53568.00  |i 5651111  |l 1  |o 632.8 CON 2000  |p 5651111  |r 2025-01-20  |s 2024-06-05  |t 1  |v 53568.00  |w 2022-05-05  |y BK  |k AGR 
952 |0 0  |1 0  |2 ddc  |4 0  |6 632_800000000000000_CON_2000  |7 0  |8 A  |9 582952  |a BIBAGR  |b BIBAGR  |c GEN  |d 2022-05-05  |e 74  |g 53568.00  |i 5651112  |l 1  |o 632.8 CON 2000  |p 5651112  |r 2025-01-20  |s 2023-06-14  |t 2  |v 53568.00  |w 2022-05-05  |y BK  |k AGR